00970nam a2200229 i 450000100060000000300090000600500170001500700030003200800410003502000180007608000410009410000460013524501320018126000640031330000300037765000330040765000360044071001030047685200220057999900170060195201220061813805ES-MaACL20250828094148.0t|980707s1996 sp a |||| | spa d a84-88861-60-5 a726.591.12.034.7/.8(460.25)/(469.53)1 aVallecillo Teodoro, Miguel Angel.911282610aRetablística alto-alentejana (Elvas, Villaviciosa y Olivenza) en los siglos XVII-XVIII / cMiguel Ángel Vallecillo Teodoro. aMérida : bUNED, Centro Regional de Extremadura, c[1996] a390 p. : bil. ; c24 cm.14aRetablos-zPortugal.9151077 4aRetablos-zExtremadura.91510782 aUniversidad Nacional de Educación a Distancia (España). bCentro Regional de Extremadura97412 aES-MaACLjL-21270 c13805d13805 00104070aATENEOMbATENEOMcDEPO2d2008-01-17eSCl0oL-21270p1014049r2023-02-23 00:00:00w2023-02-23yMONOGRAFIA